000 00362nam a22001577a 4500
003 SGT
020 _a978-81-223-0772-6
082 _a613.2
_bY15P
100 _aPODDER, TANUSHREE
245 _aYOU ARE WHAT YOU EAT
260 _aNEW DELHI
_bPUSTAK MAHAL
_c2015
300 _a180
650 _aNUTRIATION
653 _aEAT, NATURATION, DIET
942 _2ddc
_cBK
_07
999 _c22406
_d22406